| Tag |
First Indicator |
Second Indicator |
Subfields |
| LEADER |
00000cam a2200000 a 4500 |
| 001 |
in00001127213 |
| 005 |
20150930073525.0 |
| 008 |
930721s1993 ctua b 001 0 eng d |
| 010 |
|
|
|z 86062812
|
| 020 |
|
|
|a 0300055846 (cloth)
|
| 020 |
|
|
|a 0300055854 (pbk)
|
| 035 |
|
|
|a (OCoLC)28480045
|
| 035 |
|
|
|9 AFW7472AM
|
| 040 |
|
|
|a CUI
|c CUI
|d TXA
|d UtOrBLW
|
| 049 |
|
|
|a TXAM
|
| 090 |
|
|
|a N6915
|b .W45 1993
|
| 100 |
1 |
|
|a White, John,
|d 1924 October 4-
|
| 245 |
1 |
0 |
|a Art and architecture in Italy 1250-1400 /
|c John White.
|
| 250 |
|
|
|a 3rd ed.
|
| 264 |
|
1 |
|a New Haven :
|b Yale University Press,
|c 1993.
|
| 300 |
|
|
|a 684 pages :
|b illustrations (some color) ;
|c 22 cm.
|
| 336 |
|
|
|a text
|b txt
|2 rdacontent
|
| 337 |
|
|
|a unmediated
|b n
|2 rdamedia
|
| 338 |
|
|
|a volume
|b nc
|2 rdacarrier
|
| 490 |
1 |
|
|a Yale University Press Pelican history of art
|
| 504 |
|
|
|a Includes bibliographical references (pages [639]-661) and index.
|
| 650 |
|
0 |
|a Art, Italian.
|
| 650 |
|
0 |
|a Art, Gothic
|z Italy.
|
| 650 |
|
0 |
|a Architecture, Italian.
|
| 650 |
|
0 |
|a Architecture, Gothic
|z Italy.
|
| 830 |
|
0 |
|a Yale University Press Pelican history of art.
|
| 999 |
|
|
|a MARS
|
| 999 |
f |
f |
|s 437d047f-9859-36a8-a182-b9852f4fb119
|i 95333641-c570-3b21-b41a-8f38f2e8074c
|t 0
|
| 952 |
f |
f |
|p normal
|a Texas A&M University
|b College Station
|c Sterling C. Evans Library
|d Evans: Library Stacks
|t 0
|e N6915 .W45 1993
|h Library of Congress classification
|i unmediated -- volume
|m A14817425022
|
| 998 |
f |
f |
|a N6915 .W45 1993
|t 0
|l Evans: Library Stacks
|